000 01361nam2a2200301 4500
001 RU\NLR\BIBL_A\022567561
005 20250809152711.0
035 _a(NLR Aleph) 022567561
090 _a88480
_c88480
100 _a20250809 rusy50
101 0 _arus
102 _aRU
135 _acrcn 024anaba
200 0 _a1942, № 15 (776) (11 марта)
210 _d1942
325 1 _aКопия доступна в электронной библиотеке РНБ
461 0 _1001RU\NLR\BIBL_A\022450119
_12001#$aКоллективный труд$eОрган Карасукского РК КПСС и район. Совета нар. депутатов трудящихся Новосибирской обл.$v1942, № 15 (776) (11 марта)
852 _aNLR
_jР2041 [1932 - 1962]
856 0 _uhttps://vivaldi.nlr.ru/pn000374347/view
856 1 _uhttps://vivaldi.nlr.ru/pn000374347/cover
856 2 _uhttps://vivaldi.nlr.ru/pn000374347/text
901 _eГазеты
942 _cISSNP
945 _aРоссийская национальная библиотека
980 _aBV
981 2 7 _a(27) Периодические издания
_b(27) Газеты